CUSTOMS DUTIES (GOODS OF ASEAN COUNTRIES ORIGIN) (ASEAN HARMONIZED TARIFF NOMENCLATURE AND ASEAN TRADE IN GOODS AGREEMENT) ORDER 2007 : (Record no. 1720)
[ view plain ]
| 000 -LEADER | |
|---|---|
| fixed length control field | nam a22 a 4500 |
| 003 - CONTROL NUMBER IDENTIFIER | |
| control field | AKMAL |
| 005 - DATE AND TIME OF LATEST TRANSACTION | |
| control field | 20170511144254.0 |
| 008 - FIXED-LENGTH DATA ELEMENTS--GENERAL INFORMATION | |
| fixed length control field | 170511s2010 my e l o000 0 eng d |
| 020 ## - INTERNATIONAL STANDARD BOOK NUMBER | |
| International Standard Book Number | 9789677013292 |
| Qualifying information | hardback |
| Terms of availability | RM160.00 |
| 040 ## - CATALOGING SOURCE | |
| Original cataloging agency | AKMAL |
| 082 04 - DEWEY DECIMAL CLASSIFICATION NUMBER | |
| Classification number | 343.59505622 CUS |
| Edition number | 23 |
| 090 00 - LOCALLY ASSIGNED LC-TYPE CALL NUMBER (OCLC); LOCAL CALL NUMBER (RLIN) | |
| Classification number (OCLC) (R) ; Classification number, CALL (RLIN) (NR) | 343.59505622 |
| Local cutter number (OCLC) ; Book number/undivided call number, CALL (RLIN) | CUS |
| 110 1# - MAIN ENTRY--CORPORATE NAME | |
| Corporate name or jurisdiction name as entry element | Malaysia |
| 9 (RLIN) | 400 |
| 245 10 - TITLE STATEMENT | |
| Title | CUSTOMS DUTIES (GOODS OF ASEAN COUNTRIES ORIGIN) (ASEAN HARMONIZED TARIFF NOMENCLATURE AND ASEAN TRADE IN GOODS AGREEMENT) ORDER 2007 : |
| Remainder of title | all amendments up to 15 October 2010 , including 2011 budget amendments / |
| Statement of responsibility, etc. | Compiled by MDC Customs Updating Service Dept. |
| 260 ## - PUBLICATION, DISTRIBUTION, ETC. | |
| Place of publication, distribution, etc. | Kuala Lumpur : |
| Name of publisher, distributor, etc. | MDC PUBLISHERS SDN BHD |
| Date of publication, distribution, etc. | 2010 |
| 300 ## - PHYSICAL DESCRIPTION | |
| Extent | various paging ; |
| Dimensions | 20 cm |
| 650 10 - SUBJECT ADDED ENTRY--TOPICAL TERM | |
| Topical term or geographic name entry element | Tariff |
| General subdivision | Law and legislation |
| Geographic subdivision | Malaysia |
| 9 (RLIN) | 20 |
| 650 20 - SUBJECT ADDED ENTRY--TOPICAL TERM | |
| Topical term or geographic name entry element | Sales tax |
| General subdivision | Law and legislation |
| Geographic subdivision | Malaysia |
| 9 (RLIN) | 621 |
| 650 20 - SUBJECT ADDED ENTRY--TOPICAL TERM | |
| Topical term or geographic name entry element | Customs administration |
| General subdivision | Law and legislation |
| Geographic subdivision | Malaysia |
| 9 (RLIN) | 3556 |
| 942 ## - ADDED ENTRY ELEMENTS (KOHA) | |
| Source of classification or shelving scheme | |
| Koha item type | Book |
| 950 ## - LOCAL HOLDINGS (RLIN) | |
| Permanent shelving location, LOC (RLIN) | AKMAL |
No items available.
